Basic chemistry for life science students and professionals: Introduction to organic compounds and drug molecules (Record no. 360815)

MARC details
000 -LEADER
fixed length control field 00647 a2200205 4500
005 - DATE & TIME
control field 20250428114043.0
008 - FIXED-LENGTH DATA ELEMENTS--GENERAL INFORMATION
fixed length control field 250402b |||||||| |||| 00| 0 eng d
020 ## - ISBN
International Standard Book Number 9781839167874
Price £ 45.00
040 ## - CATALOGING SOURCE
Original cataloging agency VIVEKANANDA LIBRARY
082 ## - DDC NUMBER
Classification number 615.19
Book Number H114B
100 ## - MAIN ENTRY--PERSONAL NAME
Personal name Habtemariam, Solomon
245 ## - TITLE STATEMENT
Title Basic chemistry for life science students and professionals: Introduction to organic compounds and drug molecules
260 ## - PUBLICATION, DISTRIBUTION, ETC. (IMPRINT)
Name of publisher, distributor, etc Royal Society of Chemistry
Date of publication, distribution, etc 2023
Place of publication, distribution, etc Burlington House, London
300 ## - PHYSICAL DESCRIPTION
Pages xix, 512
650 ## - Subject
Subject Pharmacy
650 ## - Subject
Subject Pharmaceutical Science
650 ## - Subject
General subdivision Drug Molecules
650 ## - Subject
General subdivision Organic Compounds
942 ## - ADDED ENTRY ELEMENTS (KOHA)
Koha item type Books
Holdings
Withdrawn status Lost status Source of classification or shelving scheme Damaged status Not for loan Location (home branch) Sublocation or collection (holding branch) Shelving location Date acquired Koha issues (times borrowed) Koha full call number Accession No. Koha date last seen Koha item type
    Dewey Decimal Classification     VIVEKANANDA LIBRARY VIVEKANANDA LIBRARY Vivekananda Library 13/02/2025   615.19 H114B 437430 13/02/2025 Books
© Designed and Maintained by Vivekananda Library, MDU Rohtak